Statistics for Finish the Lyrics - When I Come Around

Click here to take the quiz!

General Stats

  • This quiz has been taken 5 times
  • The average score is 25 of 31

Answer Stats

HintAnswer% Correct
Well, I heard you crying ____loud
100%
You've been searching for that _______someone
100%
All the way across ____town
100%
So I don't need no _______accuser
80%
When I come ______around
80%
When I come ______around
80%
When I come ______around
80%
When I come ______around
80%
No time to search the world ______around
80%
When I come ______around
80%
No time to search the world ______around
80%
When I come ______around
80%
No time to search the world ______around
80%
Well, I heard it all ______before
80%
So uptight, you've been thinking about ________ meditching
80%
So don't knock down my ____door
80%
And dry your whining ____eyes
80%
'Cause you know where I'll be _____found
80%
'Cause you know where I'll be _____found
80%
'Cause you know where I'll be _____found
80%
So go do what you ____like
80%
Well, don't get ______ nowlonely
80%
I'm a _____ and a userloser
80%
I'm just roamin' for the ______moment
80%
You may find out that your self-doubt means _______ was ever therenothing
80%
And it's me out on the _____prowl
80%
To try and slag me down because I know you're _____right
80%
You can't go forcing something if it's just not _____right
80%
As you sit around feeling sorry for ________yourself
80%
Sleazin' my ________, so don't getbackyard
60%
Make sure you do it ____wise
60%

Score Distribution

Percentile by Number Answered

Percent of People with Each Score

Your Score History

You have not taken this quiz